Research methodology (Record no. 396889)

MARC details
000 -LEADER
fixed length control field 00452 a2200181 4500
005 - DATE & TIME
control field 20260407144120.0
008 - FIXED-LENGTH DATA ELEMENTS--GENERAL INFORMATION
fixed length control field 260407b |||||||| |||| 00| 0 eng d
020 ## - ISBN
International Standard Book Number 9781913806538
Price £ 80.00
040 ## - CATALOGING SOURCE
Original cataloging agency VIVEKANANDA LIBRARY
082 ## - DDC NUMBER
Classification number 300.72
Book Number L694R
100 ## - MAIN ENTRY--PERSONAL NAME
Personal name Linn, santos
245 ## - TITLE STATEMENT
Title Research methodology
260 ## - PUBLICATION, DISTRIBUTION, ETC. (IMPRINT)
Name of publisher, distributor, etc Westbury Publishing
Date of publication, distribution, etc 2021
Place of publication, distribution, etc UK
300 ## - PHYSICAL DESCRIPTION
Pages viii, 208
650 ## - Subject
Subject Social Science
650 ## - Subject
Subject Research Methods
942 ## - ADDED ENTRY ELEMENTS (KOHA)
Koha item type Books
Holdings
Withdrawn status Lost status Source of classification or shelving scheme Damaged status Not for loan Location (home branch) Sublocation or collection (holding branch) Shelving location Date acquired Koha issues (times borrowed) Koha full call number Accession No. Koha date last seen Koha item type
    Dewey Decimal Classification     VIVEKANANDA LIBRARY VIVEKANANDA LIBRARY IMSAR Library 19/02/2026   300.72 L694R 420896 19/02/2026 Books
© Designed and Maintained by Vivekananda Library, MDU Rohtak